Pokémon - Mort Subite Pokédex (5) - Statistiques

Statistiques générales
  • Ce quiz a été pris 131 fois
  • Le résultat moyen est 6 sur 16
Answers on the Grid
Answers color-coded by a green-red scale on the quiz's grid according to % correct below.
Steelix
Mélo
Cornèbre
Simularbre
Phanpy
Ymphect
Wattouat
Floravol
Cadoizo
Magby
Caratroc
Limagma
Démolosse
Capumain
Entei
Macronium
Ursaring
Hoothoot
Aligatueur
Pomdepik
Octillery
Mimigal
Lugia
Zarbi
Noctali
Insolourdo
Héricendre
Snubbull
Togetic
Fouinette
Axoloto
Qulbutoké
 
Statistiques - réponses
Réponse % Correct
Steelix
82%
Démolosse
49%
Lugia
49%
Entei
47%
Ymphect
47%
Phanpy
40%
Ursaring
40%
Cadoizo
38%
Magby
36%
Limagma
35%
Snubbull
33%
Insolourdo
31%
Caratroc
29%
Octillery
29%
Pomdepik
27%
Qulbutoké
25%
Aucun quiz correspondant
Distribution des résultats
% des personnes avec chaque résultat
Percentile par nombre de réponses
Votre historique - résultats
Vous n’avez pas pris ce quiz